मानवता वरण/ (Record no. 203290)

MARC details
000 -LEADER
fixed length control field 00864nam a22002057a 4500
005 - DATE AND TIME OF LATEST TRANSACTION
control field 20240527153949.0
010 ## - LCCN (DPL NO)
LC control number HIN-127730
020 ## - INTERNATIONAL STANDARD BOOK NUMBER
Terms of availability 1000.00
International Standard Book Number 9789394928800
035 ## - SYSTEM CONTROL NUMBER
System control number HN-100076
037 ## - SOURCE OF ACQUISITION
Source of stock number/acquisition DBAD
082 ## - DEWEY DECIMAL CLASSIFICATION NUMBER
Classification number 170
100 ## - MAIN ENTRY--PERSONAL NAME
Personal name श्रीचन्दानी, सुरेश कुमार
245 ## - TITLE STATEMENT
Title मानवता वरण/
Statement of responsibility, etc सुरेश कुमार श्रीचन्दानी
260 ## - PUBLICATION, DISTRIBUTION, ETC. (IMPRINT)
Place of publication, distribution, etc अजमेर
Name of publisher, distributor, etc पदमकान्ता प्रकाशन
Date of publication, distribution, etc 2021
270 ## - ADDRESS
Address 403/16,ठठेरा चौक
City अजमेर
Postal code 305001
300 ## - PHYSICAL DESCRIPTION
Extent 105पृ.
Dimensions 22सेमी.(आजिल्द)
650 ## - SUBJECT ADDED ENTRY--TOPICAL TERM
Topical term or geographic name as entry element हिन्दी
700 ## - ADDED ENTRY--PERSONAL NAME
Personal name श्रीचन्दानी, सुरेश कुमार
9 (RLIN) 66789
942 ## - ADDED ENTRY ELEMENTS (KOHA)
Source of classification or shelving scheme Dewey Decimal Classification
Item type Hindi Books
Classification part 170
Call number suffix श्रीचन्दा

No items available.


© Delhi Public Library
Hit Counter
free hit counter